| 000 | 00638nam a22002057a 4500 | ||
|---|---|---|---|
| 003 | OSt | ||
| 005 | 20240627064927.0 | ||
| 008 | 240627b |||||||| |||| 00| 0 eng d | ||
| 020 | _a9781599184258 | ||
| 040 |
_aDWc- Main Lib _cOC |
||
| 082 | _aCirc. 640 L769s 2011 | ||
| 100 | _aLinsenman, Ciree | ||
| 245 |
_aStart your own personal concierge service / _cCiree Linsenman. |
||
| 260 |
_aUSA : _bEntrepreneur Media Corporation, _cc2011. |
||
| 300 |
_aix , 138 pages : _billustrations ; _c23cm. |
||
| 504 | _aIncludes appendices. | ||
| 650 | _a1. Personal Concierges | ||
| 650 | _a2. Small Business- Management | ||
| 942 |
_2ddc _cBK-CIRC _n1 |
||
| 999 |
_c1507 _d1507 |
||